World of Warcraft - les sorts du démoniste - Statistiques

Statistiques générales
  • Ce quiz a été pris 9 fois
  • Le résultat moyen est 14 sur 76
Statistiques - réponses
Indice Réponse % Correct
Sort de base Trait de l'ombre
100%
Sort de base Corruption
88%
Sort de base Destruction Immolation
75%
Arbre de talent Destruction Conflagration
63%
Sort de base Démonologie Main de Gul'dan
63%
Arbre de talent Destruction Cataclysme
50%
Sort de base Drain de vie
50%
Sort de base Peur
50%
Arbre de talent de classe Voile de mort
50%
Sort de base Affliction Agonie
38%
Sort de base Malédiction de faiblesse
38%
Arbre de talent de classe Malédiction des langages
38%
Sort de base Pierre d'âme
38%
Arbre de talent Destruction Pluie de feu
38%
Arbre de talent de classe Ruée ardente
38%
Sort de base Destruction Trait du chaos
38%
Arbre de talent Démonologie Appel des traqueffrois
25%
Arbre de talent de classe Brûlure d'âme
25%
Sort de base Création de pierre de soins
25%
Arbre de talent Affliction Drain d'âme
25%
Arbre de talent Destruction Feu de l'âme
25%
Arbre de talent de classe Furie de l'ombre
25%
Arbre de talent Démonologie Implosion
25%
Sort de base Invocation de diablotin
25%
Arbre de talent Destruction Invocation : infernal
25%
Arbre de talent de classe Malédiction d'épuisement
25%
Arbre de talent de classe Porte des démons
25%
Sort de base Résolution interminable
25%
Sort de base Respiration interminable
25%
Arbre de talent de classe Sombre pacte
25%
Arbre de talent Démonologie Trait démoniaque
25%
Arbre de talent Destruction Tumulte
25%
Arbre de talent Destruction Brûlure de l'ombre
13%
Arbre de talent Destruction Canalisation de feu démoniaque
13%
Sort de base Captation de vie
13%
Arbre de talent de classe Cercle démoniaque
13%
Talent héroïque Implorateur de l'enfer Flétrissement
13%
Arbre de talent Affliction Graine de corruption
13%
Arbre de talent Démonologie Grimoire : Gangregarde
13%
Arbre de talent Affliction Hanter
13%
Sort de base Invocation : chasseur corrompu
13%
Sort de base Invocation : marcheur du Vide
13%
Talent héroïque Implorateur de l'enfer Malveillance
13%
Arbre de talent Affliction Pourriture d'âme
13%
Arbre de talent Démonologie Siphon de puissance
13%
Sort de base Subjugation de démon
13%
Arbre de talent Affliction Affliction instable
0%
Arbre de talent de classe Bannir
0%
Arbre de talent de classe Cercle démoniaque - Téléportation
0%
Sort de base Commandement démoniaque
0%
Sort de base Création d'un puits des âmes
0%
Talent héroïque Diaboliste Dévastation
0%
Arbre de talent de classe Domination gangrenée
0%
Talent héroïque Diaboliste Éclair infernal
0%
Sort de base Affliction Extase maléfique
0%
Arbre de talent Destruction Faille dimensionnelle
0%
Arbre de talent Démonologie Force démoniaque
0%
Arbre de talent Affliction Grimoire de sacrifice
0%
Arbre de talent de classe Hurlement de terreur
0%
Sort de base Démonologie Invocation de gangregarde
0%
Arbre de talent Démonologie Invocation : démon abject
0%
Arbre de talent Affliction Invocation de Regard-noir
0%
Sort de base Invocation de sayaad
0%
Arbre de talent Démonologie Invocation d'un molosse embrasé
0%
Arbre de talent Démonologie Invocation d'un molosse ombreux
0%
Arbre de talent Démonologie Invocation : tyran démoniaque
0%
Arbre de talent Démonologie Lance-fléaux bilieux
0%
Arbre de talent de classe Malédiction amplifiée
0%
Talent héroïque Implorateur de l'enfer Malédiction des satyres
0%
Sort de base Œil de Kilrogg
0%
Arbre de talent de classe Ombreflamme
0%
Arbre de talent Affliction Oubli
0%
Sort de base Rituel d'invocation
0%
Sort de base Rituel funeste
0%
Arbre de talent Affliction Singularité fantomatique
0%
Arbre de talent Affliction Souillure infâme
0%
Aucun quiz correspondant
Distribution des résultats
% des personnes avec chaque résultat
Percentile par nombre de réponses
Votre historique - résultats
Vous n’avez pas pris ce quiz